Η πρωτεύουσα των προσφύγων : πεζογραφήματα
Αποθηκεύτηκε σε:
| Κύριος συγγραφέας: | |
|---|---|
| Μορφή: | Βιβλίο |
| Γλώσσα: | Greek |
| Δημοσίευση: |
Αθήνα :
Κέδρος,
1984
|
| Έκδοση: | 7η έκδ. |
| Θέματα: | |
| Ετικέτες: |
Προσθήκη ετικέτας
Δεν υπάρχουν, Καταχωρήστε ετικέτα πρώτοι!
|
MARC
| LEADER | 00000nam a2200000 i 4500 | ||
|---|---|---|---|
| 001 | 1/2795 | ||
| 008 | 960228s1984 gre d | ||
| 020 | |a 960-04-0322-8 | ||
| 035 | |l 10014990 | ||
| 040 | |a GR-MY-UA |b gre |e aacr | ||
| 041 | 0 | |a gre | |
| 082 | 0 | |a 889.35 | |
| 100 | 0 | |a Ιωάννου, Γιώργος, |d 1927-1985. | |
| 245 | 1 | 2 | |a Η πρωτεύουσα των προσφύγων : |b πεζογραφήματα / |c Γιώργος Ιωάννου |
| 250 | |a 7η έκδ. | ||
| 260 | |a Αθήνα : |b Κέδρος, |c 1984 | ||
| 300 | |a 278 σ. | ||
| 650 | 0 | 0 | |a Greek literature, Modern. |
| 650 | 0 | 0 | |a Greek prose literature, Modern. |
| 852 | |a INST |b LESVOS |e 19960228 |h 889.35 ΙΩΑ |p 005100007138 |q 005100007138 |t BK |y 0 | ||
| 909 | |a Λ |b 043759 | ||
| 922 | |a 1ΔΩΡ |b 199602 |c ΤΚΑ | ||